Electrotecnia II : máquinas eléctricas

Bibliographic Details
Main Author: Kasatkin, A.S
Format: Section = Libro
Language:Undetermined
Spanish
Published: La Habana Pueblo y Educación 1984
Subjects:
LEADER 00506nam a2200181Ia 4500
008 240829s9999 xx 000 0 und d
040 |a BIBLIOTECA-RUSB/ 623.76 K19 
041 |a spa 
082 |a 623.76 K19 
100 1 |a Kasatkin, A.S 
245 1 0 |a Electrotecnia II : máquinas eléctricas 
260 |a La Habana  |b Pueblo y Educación  |c 1984 
300 |a 120 p. :il. 
650 7 |a INGENIERIA ELECTRICA ELECTRONICA 
650 7 |b  MOTORES ELECTRICOS ASINCRONICOS 
942 |c BK  |2 ddc 
991 |a TEXTO 
999 |c 3626